000 00526nam a2200181Ia 4500
008 090124s9999 xx 000 0 und d
082 _b27812
100 _aदेसाई रणजित
245 _a अभोगी
250 _a1
260 _b"अजब पुस्तकालय, कोल्हापूर-2"
_c1987
300 _a244
600 _aदेसाई रणजित
630 _a अभोगी
700 _aदेसाई रणजित
730 _a अभोगी
942 _cBOOK
999 _c94460
_d94460